000
00332nam a22001337a 4500
008
170621b xxu||||| |||| 00| 0 eng d
020
_a
9781555875565
041
_a
eng
080
_a
32
100
_a
20
101
_a
SHP
245
_a
LIMITED THE POLITICAL STRGGLE FOR SOCIALISM IN TANZANIA
_c
MCHENRY.D.F
942
_2
udc
_c
BK
999
_c
18433
_d
18433